| 000 | 00931nam a2200277Ia 4500 | ||
|---|---|---|---|
| 003 | OSt | ||
| 005 | 20220930081008.0 | ||
| 006 | a|||||r|||| 00| 0 | ||
| 007 | ta | ||
| 008 | 220926b |||||||| |||| 00| 0 eng d | ||
| 024 | _a100618 | ||
| 037 | _cTheses | ||
| 040 |
_aCRL _cCRL _beng |
||
| 041 |
_2eng _aeng |
||
| 100 | _aDeepa | ||
| 110 | _aUniversity of Delhi. Faculty of Sciences. Department of Chemistry | ||
| 245 | 0 |
_aDevelopment of novel radiopharmaceuticals _b synthesis characterization and their biological evaluation for targeted imaging and therapy |
|
| 260 | _c2009 | ||
| 300 |
_a189 _ap. _ccm. |
||
| 650 | _aCHEMISTRY | ||
| 700 |
_a Dr. Anil Kumar Mishra Gu. _9537835 |
||
| 700 |
_a Dr. Harish Chandra Gu. _9537219 |
||
| 700 | _aUniversity of Delhi. Faculty of Sciences. Department of Chemistry | ||
| 942 |
_cDIS _2CC |
||
| 999 |
_c870764 _d870764 |
||